| 000 | 00963nam a2200253 i 4500 | ||
|---|---|---|---|
| 001 | C2-0341176 | ||
| 003 | PPAK | ||
| 005 | 20180728142923.0 | ||
| 008 | 170312s2012 my |||| ||||| | eng d | ||
| 020 | _a9789834507879 | ||
| 040 |
_aPPAK _beng _cPPAK _erda |
||
| 082 | 0 | 4 |
_a413.9923 _223 |
| 090 | 0 | 0 |
_a413.9923 _bHAW _dR |
| 100 | 1 |
_aHawkins, Joyce M., _eauthor |
|
| 245 | 1 | 0 |
_aKamus tribahasa Oxford Fajar : ; Edisi kedua _bbahasa Inggeris-bahasa Malaysia-bahasa Cina, bahasa Malaysia-bahasa Inggeris-bahasa Cina |
| 264 | 1 |
_aShah Alam, Selangor : _bOxford Fajar Sdn. Bhd. , _c2012 |
|
| 300 |
_aviii, 476 pages ; _c19 cm |
||
| 336 |
_2rdacontent _atext |
||
| 337 |
_2rdamedia _aunmediated |
||
| 338 |
_2rdacarrier _avolume |
||
| 500 | _aJudul asal: The Oxford Minidictionary - 6th edition | ||
| 650 | 1 | 0 | _aEnglish language - Dictionaries - Polyglot. ; Malay language - Dictionaries - Polyglot. ; Chinese language - Dictionaries - Polyglot. |
| 942 |
_ddc _cB |
||
| 999 |
_c138264 _d138264 |
||